Hydrometallurgy '94
Na minha lista:
| Formato: | Livro |
|---|---|
| Idioma: | inglês |
| Publicado em: |
Londres
Chapman and Hall
1994
|
| Assuntos: | |
| Tags: |
Adicionar Tag
Sem tags, seja o primeiro a adicionar uma tag!
|
MARC
| LEADER | 00000nam a2200000 a 4500 | ||
|---|---|---|---|
| 001 | UCT0850 | ||
| 003 | CL-VaPUC | ||
| 008 | 960906e19940000UK |||||||||||||||||eng|d | ||
| 082 | 0 | 4 | |a 669.028 |b HYD |2 21 |
| 245 | 1 | 0 | |a Hydrometallurgy '94 |
| 300 | |a 1171 p | ||
| 942 | |c BK | ||
| 945 | |d 19960906 00:00:00 |a rleighto | ||
| 260 | |a Londres |b Chapman and Hall |c 1994 | ||
| 650 | 0 | |a Hidrometalurgia |9 352265 | |
| 650 | 0 | |a Metales |9 260686 | |
| 650 | 7 | |a TECNOLOGIA METALURGICA |2 CL-VaPUC |9 342977 | |
| 650 | 7 | |a ORO |2 CL-VaPUC |9 324927 | |
| 650 | 0 | |a Oxidación |9 326616 | |
| 650 | 0 | |a Electroquímica |9 263973 | |
| 583 | |a last modification |c 19960906 00:00:00 |k Rodrigo Vera | ||
| 999 | |c 251547 |d 251545 | ||
| 952 | |0 0 |1 0 |4 0 |6 669_028000000000000_HYD_1994 |7 0 |8 A |9 270780 |a BIBING |b BIBING |d 2019-11-19 |i 2719053 |o 669.028 HYD 1994 |p 2719053 |r 2025-01-20 |w 2019-11-19 |y BK |k EIQ | ||